Les pays qui étaient membres de l'Union soviétique. - Statistiques

Statistiques générales
  • Ce quiz a été pris 76 fois
  • Le résultat moyen est 11 sur 15
Statistiques - réponses
Pays % Correct
Ukraine
95%
Estonie
94%
Lituanie
92%
Biélorussie
91%
Lettonie
91%
Russie
88%
Géorgie
75%
Kazakhstan
75%
Turkménistan
67%
Arménie
66%
Ouzbékistan
64%
Tadjikistan
63%
Azerbaïdjan
61%
Moldavie
61%
Kirghizistan
61%
Aucun quiz correspondant
Distribution des résultats
% des personnes avec chaque résultat
Percentile par nombre de réponses
Votre historique - résultats
Vous n’avez pas pris ce quiz